| 000 | 00904nam a22001697a 4500 | ||
|---|---|---|---|
| 005 | 20250217171034.0 | ||
| 008 | 241111b |||||||| |||| 00| 0 eng d | ||
| 100 |
_aNg, Anne Clarice L. _eauthor. _963886 |
||
| 245 |
_aBuilding policy capacity of local government for big data applications in public transportation / _cAnne Clarice L. Ng, Revka E. Perez, and Noriel Christopher C. Tiglao. |
||
| 260 |
_aPhilippines ; _bPhilippine Society for Public Administration and the Association of schools of Public Administration in the Philippines, Inc., _cJanuary-June 2020. |
||
| 300 |
_avolume 64, pages 1-34, _billustration. |
||
| 500 | _aPhilippine Journal of Public Administration, v. 64 n. 1, pages 1-34, January-June 2020. | ||
| 700 |
_aNg, Anne Clarice L. _eauthor. _963886 |
||
| 700 |
_aPerez, Revka E. _eauthor. _963887 |
||
| 700 |
_aTiglao, Noriel Christopher C. _eauthor. _963888 |
||
| 942 |
_2ddc _cPER |
||
| 999 |
_c23133 _d23133 |
||